Sąsiedzi Jugosławii - nagła śmierć - Statystyki

Ogólne statystyki
  • Ten quiz został rozwiązany 66 razy
  • Średni wynik to 5 z 7
Answers on the Grid
Answers color-coded by a green-red scale on the quiz's grid according to % correct below.
Albania
Austria
Bułgaria
Czechosłowacja
Grecja
Macedonia Północna
Niemcy
Rumunia
Szwajcaria
Węgry
Włochy
ZSRR
 
Statystyki odpowiedzi
Odpowiedź % Poprawnych
Albania
90%
Grecja
77%
Bułgaria
74%
Austria
69%
Rumunia
69%
Węgry
69%
Włochy
59%
Nie znaleziono quizów pasujących do podanych kryteriów
Rozkład punktacji
Procent ludzi z każdym wynikiem
Percentyl według liczby udzielonych odpowiedzi
Twoja historia wyników
Nie rozwiązałeś tego quizu